| 000 | 00329nam a2200109Ia 4500 | ||
|---|---|---|---|
| 008 | 171211s9999 xx 000 0 und d | ||
| 245 | _aNeuroimaging for Clinicians: Combining Research and Practice | ||
| 245 | _cJulio F. P. Peres | ||
| 260 | _c2011 | ||
| 650 | _xFITNESS | ||
| 856 | _uhttp://down.ebook777.com/063/9789533074504.pdf | ||
| 999 |
_c349042 _d349042 |
||